<?xml version="1.0" encoding="UTF-8"?>
<record
    xmlns:xsi="http://www.w3.org/2001/XMLSchema-instance"
    xsi:schemaLocation="http://www.loc.gov/MARC21/slim http://www.loc.gov/standards/marcxml/schema/MARC21slim.xsd"
    xmlns="http://www.loc.gov/MARC21/slim">

  <leader>02901njm a2200505Ia 4500</leader>
  <controlfield tag="001">20911</controlfield>
  <controlfield tag="003">IT-RoPAU</controlfield>
  <controlfield tag="005">20220918181118.0</controlfield>
  <controlfield tag="008">131025s9999    xx            000 0 und d</controlfield>
  <datafield tag="040" ind1=" " ind2=" ">
    <subfield code="a">IT-RoPAU</subfield>
  </datafield>
  <datafield tag="040" ind1=" " ind2=" ">
    <subfield code="c">IT-RoPAU</subfield>
  </datafield>
  <datafield tag="041" ind1=" " ind2=" ">
    <subfield code="a">ITALIANO</subfield>
  </datafield>
  <datafield tag="999" ind1=" " ind2=" ">
    <subfield code="c">99578</subfield>
    <subfield code="d">99578</subfield>
  </datafield>
  <datafield tag="999" ind1=" " ind2=" ">
    <subfield code="b">n.d.</subfield>
  </datafield>
  <datafield tag="100" ind1=" " ind2=" ">
    <subfield code="a">AA.VV.</subfield>
    <subfield code="9">794</subfield>
  </datafield>
  <datafield tag="100" ind1=" " ind2=" ">
    <subfield code="e">Autore musica</subfield>
    <subfield code="9">4165</subfield>
  </datafield>
  <datafield tag="100" ind1=" " ind2=" ">
    <subfield code="g">Codice autore musica SPICS: 12000</subfield>
    <subfield code="9">796</subfield>
  </datafield>
  <datafield tag="245" ind1=" " ind2=" ">
    <subfield code="a">Frutta e verdura (Lp Pld L 5069)</subfield>
  </datafield>
  <datafield tag="250" ind1=" " ind2=" ">
    <subfield code="a">1a ed.</subfield>
  </datafield>
  <datafield tag="260" ind1=" " ind2=" ">
    <subfield code="a">LUGANO</subfield>
  </datafield>
  <datafield tag="260" ind1=" " ind2=" ">
    <subfield code="b">PDU</subfield>
    <subfield code="c">1973 [1a Ed.:1973 - Ed. Lingua Orig.: 1973]</subfield>
  </datafield>
  <datafield tag="300" ind1=" " ind2=" ">
    <subfield code="a">DISCO</subfield>
  </datafield>
  <datafield tag="300" ind1=" " ind2=" ">
    <subfield code="c">42 minuti (Testo:  pag.)</subfield>
  </datafield>
  <datafield tag="500" ind1=" " ind2=" ">
    <subfield code="a">Musica leggera italiana</subfield>
  </datafield>
  <datafield tag="505" ind1=" " ind2=" ">
    <subfield code="a">Fa qualcosa (4:00) - Non tornare pi&#xF9; (5:00) - Devo tornare a casa mia (4:00) - Domenica sera (4:00) - La vigilia di Natale (4:00) - Questo si, questo no (5:00) - E poi... (5:00) - Dichiarazione d'amore (3:00) - La pioggia di marzo (4:00) - Tentiamo ancora (4:00)</subfield>
  </datafield>
  <datafield tag="511" ind1=" " ind2=" ">
    <subfield code="a">Mina (Mazzini A.M.)</subfield>
  </datafield>
  <datafield tag="511" ind1=" " ind2=" ">
    <subfield code="a">Orchestra Pino Presti</subfield>
  </datafield>
  <datafield tag="511" ind1=" " ind2=" ">
    <subfield code="a">Orchestra Natale Massara</subfield>
  </datafield>
  <datafield tag="650" ind1=" " ind2=" ">
    <subfield code="a">CANZONE [DISCHI]</subfield>
    <subfield code="e">Codice MATERIA SPICS: 9950</subfield>
    <subfield code="9">920</subfield>
  </datafield>
  <datafield tag="700" ind1=" " ind2=" ">
    <subfield code="a">Malgoni M.</subfield>
    <subfield code="g">Codice autore musica SPICS: 14072</subfield>
    <subfield code="e">Autore musica</subfield>
    <subfield code="p">Fa qualcosa</subfield>
    <subfield code="9">4167</subfield>
  </datafield>
  <datafield tag="700" ind1=" " ind2=" ">
    <subfield code="a">Testa Arturo</subfield>
    <subfield code="g">Codice autore testo/musica SPICS: 13685</subfield>
    <subfield code="e">Autore testo/musica</subfield>
    <subfield code="p">Fa qualcosa</subfield>
    <subfield code="9">4169</subfield>
  </datafield>
  <datafield tag="700" ind1=" " ind2=" ">
    <subfield code="a">Baldan Bembo Dario</subfield>
    <subfield code="g">Codice autore musica SPICS: 9846</subfield>
    <subfield code="e">Autore musica</subfield>
    <subfield code="p">Non tornare pi&#xF9;</subfield>
    <subfield code="9">4171</subfield>
  </datafield>
  <datafield tag="700" ind1=" " ind2=" ">
    <subfield code="a">Califano Franco</subfield>
    <subfield code="g">Codice autore testo/musica SPICS: 16101</subfield>
    <subfield code="e">Autore testo/musica</subfield>
    <subfield code="p">Non tornare pi&#xF9;</subfield>
    <subfield code="9">4172</subfield>
  </datafield>
  <datafield tag="700" ind1=" " ind2=" ">
    <subfield code="a">Clausetti L.</subfield>
    <subfield code="g">Codice autore testo/musica SPICS: 14220</subfield>
    <subfield code="e">Autore testo/musica</subfield>
    <subfield code="p">Devo tornare a casa mia</subfield>
    <subfield code="9">4173</subfield>
  </datafield>
  <datafield tag="700" ind1=" " ind2=" ">
    <subfield code="a">Castellari Camillo &amp; Corrado</subfield>
    <subfield code="g">Codice autore musica SPICS: 16011</subfield>
    <subfield code="e">Autore musica</subfield>
    <subfield code="p">Domenica sera</subfield>
    <subfield code="9">4174</subfield>
  </datafield>
  <datafield tag="700" ind1=" " ind2=" ">
    <subfield code="a">Scandolara Sandro</subfield>
    <subfield code="g">Codice autore testo/musica SPICS: 1541</subfield>
    <subfield code="e">Autore testo/musica</subfield>
    <subfield code="p">Domenica sera</subfield>
    <subfield code="9">4175</subfield>
  </datafield>
  <datafield tag="700" ind1=" " ind2=" ">
    <subfield code="a">Shapiro S.</subfield>
    <subfield code="g">Codice autore musica SPICS: 20268</subfield>
    <subfield code="e">Autore musica</subfield>
    <subfield code="p">La vigilia di Natale - E poi...</subfield>
    <subfield code="9">4176</subfield>
  </datafield>
  <datafield tag="700" ind1=" " ind2=" ">
    <subfield code="a">Lo Vecchio A.</subfield>
    <subfield code="g">Codice autore testo/musica SPICS: 18919</subfield>
    <subfield code="e">Autore testo/musica</subfield>
    <subfield code="p">La vigilia di Natale - E poi... - Tentiamo ancora</subfield>
    <subfield code="9">4177</subfield>
  </datafield>
  <datafield tag="700" ind1=" " ind2=" ">
    <subfield code="a">Donaggio Pino</subfield>
    <subfield code="g">Codice autore musica SPICS: 13658</subfield>
    <subfield code="e">Autore musica</subfield>
    <subfield code="p">Questo si, questo no</subfield>
    <subfield code="9">4178</subfield>
  </datafield>
  <datafield tag="700" ind1=" " ind2=" ">
    <subfield code="a">Calabrese Giorgio</subfield>
    <subfield code="g">Codice autore testo/musica SPICS: 1368</subfield>
    <subfield code="e">Autore testo/musica</subfield>
    <subfield code="p">Questo si, questo no - La pioggia di marzo</subfield>
    <subfield code="9">4179</subfield>
  </datafield>
  <datafield tag="700" ind1=" " ind2=" ">
    <subfield code="a">Anelli Angelo</subfield>
    <subfield code="g">Codice autore musica SPICS: 16874</subfield>
    <subfield code="e">Autore musica</subfield>
    <subfield code="p">Dichiarazione d'amore</subfield>
    <subfield code="9">4180</subfield>
  </datafield>
  <datafield tag="700" ind1=" " ind2=" ">
    <subfield code="a">Pallavicini Vito</subfield>
    <subfield code="g">Codice autore testo/musica SPICS: 13656</subfield>
    <subfield code="e">Autore testo/musica</subfield>
    <subfield code="p">Dichiarazione d'amore</subfield>
    <subfield code="9">4181</subfield>
  </datafield>
  <datafield tag="700" ind1=" " ind2=" ">
    <subfield code="a">Jobim Antonio Carlos</subfield>
    <subfield code="g">Codice autore testo/musica SPICS: 21135</subfield>
    <subfield code="e">Autore testo/musica</subfield>
    <subfield code="p">La pioggia di marzo</subfield>
    <subfield code="9">4182</subfield>
  </datafield>
  <datafield tag="700" ind1=" " ind2=" ">
    <subfield code="a">Presti P.</subfield>
    <subfield code="g">Codice autore musica SPICS: 24523</subfield>
    <subfield code="e">Autore musica</subfield>
    <subfield code="p">Tentiamo ancora</subfield>
    <subfield code="9">4183</subfield>
  </datafield>
  <datafield tag="942" ind1=" " ind2=" ">
    <subfield code="c">MD</subfield>
    <subfield code="2">ddc</subfield>
  </datafield>
  <datafield tag="952" ind1=" " ind2=" ">
    <subfield code="0">0</subfield>
    <subfield code="1">0</subfield>
    <subfield code="4">0</subfield>
    <subfield code="6">20911_000000000000000</subfield>
    <subfield code="7">1</subfield>
    <subfield code="a">SPICS</subfield>
    <subfield code="b">SPICS</subfield>
    <subfield code="d">2013-10-25</subfield>
    <subfield code="l">0</subfield>
    <subfield code="o">20911</subfield>
    <subfield code="r">2013-10-25 00:00:00</subfield>
    <subfield code="w">2013-10-25</subfield>
    <subfield code="y">MD</subfield>
    <subfield code="z">Progr. Ins.: 4214 / N.Vol.: 1 / Copie: 1 - Copia rara: n.d. / date import: 01.01.2014 - By Epidotti, Trombetti, Vaglietti</subfield>
  </datafield>
</record>
